BUBT Library Online Catalog

Human Resource management : (Record no. 1102)

000 -LEADER
fixed length control field 00597nam a2200217Ia 4500
003 - CONTROL NUMBER IDENTIFIER
control field BUBTL
008 - FIXED-LENGTH DATA ELEMENTS--GENERAL INFORMATION
fixed length control field 151213s9999 xx 000 0 und d
020 ## - INTERNATIONAL STANDARD BOOK NUMBER
International Standard Book Number 8120312805
082 ## - DEWEY DECIMAL CLASSIFICATION NUMBER
Classification number 658.3/ D472h/ 2002
100 ## - MAIN ENTRY--PERSONAL NAME
Personal name Dessler, Gray
9 (RLIN) 3106
245 ## - TITLE STATEMENT
Title Human Resource management :
Statement of responsibility, etc. Gary Dessler
250 ## - EDITION STATEMENT
Edition statement 7th
260 ## - PUBLICATION, DISTRIBUTION, ETC. (IMPRINT)
Place of publication, distribution, etc. New Delhi
Name of publisher, distributor, etc. Prentice hall
Date of publication, distribution, etc. c2002
300 ## - PHYSICAL DESCRIPTION
Extent [xx], 715p. :
Other physical details ill. Table ; 25cm.
500 ## - GENERAL NOTE
General note Includes Index
650 ## - SUBJECT ADDED ENTRY--TOPICAL TERM
Topical term or geographic name as entry element Management
9 (RLIN) 3107
700 ## - ADDED ENTRY--PERSONAL NAME
Personal name Gary Dessler
9 (RLIN) 3108
856 ## - ELECTRONIC LOCATION AND ACCESS
Password 0
Logon 0
Link text Download
942 ## - ADDED ENTRY ELEMENTS (KOHA)
Source of classification or shelving scheme
Koha item type Books
Holdings
Withdrawn status Lost status Source of classification or shelving scheme Damaged status Not for loan Collection code Permanent location Current location Shelving location Date acquired Inventory number Total Checkouts Full call number Barcode Date last seen Copy number Price effective from Koha item type
          Non-fiction Bangladesh University of Business and Technology Library Bangladesh University of Business and Technology Library Management Stacks 06/08/2020 1272   658.3/D47h BUBTL-20031272 06/08/2020 C-1 06/08/2020 Books
          Non-fiction Bangladesh University of Business and Technology Library Bangladesh University of Business and Technology Library Management Stacks 06/08/2020 1273   658.3/D47h BUBTL-20031273 06/08/2020 C-2 06/08/2020 Books
          Non-fiction Bangladesh University of Business and Technology Library Bangladesh University of Business and Technology Library Management Stacks 06/08/2020 1274   658.3/D47h BUBTL-20031274 06/08/2020 C-3 06/08/2020 Books
        Not For Loan Non-fiction Bangladesh University of Business and Technology Library Bangladesh University of Business and Technology Library Management Stacks 07/06/2020 1445   658.3/D47h BUBTL-20031445 07/06/2020 C-4 07/06/2020 Books

More Information About Library

Library Hours

  • Open: 9.00 am. to 9.00 pm.
  • Only Sunday: 9.00 am. to 6.00 pm.
  • Closed: Holiday

Contact to the University

Bangladesh University of Business and Technology Library

  • Mirpurl-2, 1216.
  • Phone:
  • Fax:
  • E-Mail: admin.library@bubt.edu.bd

Contact to the Library

Contact Person:

Md. Abdul Hakim Shah
Joint Librarian
PABX No:  113
Cell No: 01816332931
E-mail: official: admin.library@bubt.edu.bd
Personal: hakim.shah@bubt.edu.bd


BUBT Library

Copyright © 2021